Aplikácia princípov cirkulárnej ekonomiky v trhovom hospodárstve bakalárska práca
Salvato in:
| Autore principale: | |
|---|---|
| Ente Autore: | |
| Altri autori: | |
| Natura: | Libro |
| Lingua: | slovacco |
| Pubblicazione: |
Bratislava
2020
|
| Tags: |
Nessun Tag, puoi essere il primo ad aggiungerne!!
|
MARC
| LEADER | 00000nbm a2200000 4500 | ||
|---|---|---|---|
| 001 | 0268064 | ||
| 005 | 20201007134950.5 | ||
| 041 | 0 | |a slo | |
| 044 | |a SK | ||
| 245 | 1 | 0 | |a Aplikácia princípov cirkulárnej ekonomiky v trhovom hospodárstve |b bakalárska práca |c Jana Zajdenová ; školiteľ: Hana Palušková |
| 264 | 1 | |a Bratislava |c 2020 | |
| 300 | |a 40 s. | ||
| 100 | 1 | |a Zajdenová, Jana | |
| 700 | 1 | |a Palušková, Hana | |
| 710 | 2 | |a Obchodná fakulta EU. Katedra medzinárodného obchodu | |